| 000 | 01315cad a22002295a 4500 | ||
|---|---|---|---|
| 001 | L136710 | ||
| 008 | 070830e20070416xxkd f s 000 0 eng u | ||
| 035 | _a(Sirsi) u140026 | ||
| 041 | 0 | _aeng | |
| 050 | _a333.33 $2 18 | ||
| 110 | 2 | _aRightmove | |
| 245 | 0 | 0 |
_aRightmove house price index _bApril 2007 _h[electronic resource] |
| 260 |
_aLondon _bRightmove _c2007 |
||
| 490 | 0 | 0 |
_aRightmove House Price Index _vApril 2007 |
| 520 | _aShows that average property asking prices have risen by 3.6%, the biggest monthly rise in five years. The annual rate of increase has been pushed to 15% by some conditions, which are seen as unique. The traditional Easter bounce has been compounded by low supply and high demand, together with ready availability of mortgage finance. Additionally, many sellers are issuing early instruction to avoid the costs associated with anticipated Home Information Packs. These effects are presenting the Bank of England with a confusing picture of the market. | ||
| 590 | _aKA | ||
| 650 | 2 | 4 | _aRIGHTMOVE HOUSE PRICE INDEX |
| 651 | 4 |
_aUnited Kingdom _y |
|
| 690 | _aPROPERTY-RESIDENTIAL PROPERTY-RESIDENTIAL PROPERTY MARKET | ||
| 856 | 4 | 0 |
_uhttps://www.rightmove.co.uk/template/publicsite%2Caboutus%2CRTPRArchive.vm _zView the index free of charge at www.rightmove.co.uk... |
| 942 | _n0 | ||
| 999 |
_c107404 _d107404 |
||